000 00326nam a22001457a 4500
008 230907b ||||| |||| 00| 0 eng d
020 _a9780262010917
041 _aeng
080 _a521
082 _a521AKH
100 _a19
101 _aASTRO
245 _aCONCEPTIONS OF SPACE AND TIME
_cAKHUNDOV.D.M
942 _2udc
_cBK
999 _c60286
_d60286